[Event "Titled Tue 20th May Early"]
[Site "chess.com INT"]
[Date "2025.05.20"]
[Round "10"]
[White "Srihari, L R"]
[Black "Antoniou, Rafail"]
[Result "1-0"]
[WhiteTitle "IM"]
[BlackTitle "CM"]
[WhiteElo "2468"]
[BlackElo "2134"]
[WhiteFideId "46617116"]
[BlackFideId "5904390"]
[EventDate "2025.05.20"]

1. e4 c5 2. Nf3 e6 3. b3 a6 4. Bb2 Nc6 5. c4 Nf6 6. e5 Ng4 7. Be2 Qc7 8. O-O
Ngxe5 9. Nxe5 Nxe5 10. d4 cxd4 11. Qxd4 Nc6 12. Qd3 Bd6 13. Bxg7 Bxh2+ 14. Kh1
Be5 15. Bxh8 Bxh8 16. Nc3 Qe5 17. Rac1 b6 18. Rfe1 Bb7 19. Bf3 Qd4 20. Qxh7
O-O-O 21. Kg1 Be5 22. Qe4 Rh8 23. Qxd4 Bxd4 24. Ne4 Kc7 25. Rcd1 f5 26. Ng5 Bc3
27. Re3 Bb4 28. Red3 Ne5 29. Rxd7+ Nxd7 30. Nxe6+ Kc8 31. Bxb7+ Kxb7 32. Rxd7+
Kc6 33. Rf7 Re8 34. Nd4+ Kc5 35. Nc2 Bc3 36. Rxf5+ Kc6 37. Rf3 Bg7 38. Re3 Rd8
39. Nb4+ Kc5 40. Nxa6+ Kd4 41. Nb4 Ra8 42. a4 Kc5 43. Nd3+ Kd4 44. Ne1 Bh6 45.
Nc2+ Kc5 46. Re5+ Kd6 47. Rd5+ Kc7 48. Nd4 Re8 49. Nb5+ Kb8 50. g3 Bf8 51. Kg2
Re2 52. Rd8+ Kb7 53. Rxf8 Rd2 54. Rf7+ Ka6 55. Ra7# 1-0

[Event "Titled Tue 20th May Early"]
[Site "chess.com INT"]
[Date "2025.05.20"]
[Round "10"]
[White "Dumanuly, Sultanbeibarys"]
[Black "Grodotzki, Kenneth"]
[Result "0-1"]
[WhiteTitle "FM"]
[BlackTitle "CM"]
[WhiteElo "2117"]
[BlackElo "1984"]
[WhiteFideId "13731963"]
[BlackFideId "4648560"]
[EventDate "2025.05.20"]

1. e4 d6 2. d4 Nf6 3. Nc3 g6 4. Be3 Bg7 5. Qd2 c6 6. Nf3 b5 7. Bd3 b4 8. Ne2 a5
9. Bh6 Bxh6 10. Qxh6 Nbd7 11. e5 dxe5 12. dxe5 Ng4 13. Qf4 Nc5 14. O-O-O Nxd3+
15. Rxd3 Qb6 16. Ned4 Nxf2 17. Ng5 Nxd3+ 18. cxd3 O-O 19. Kb1 c5 20. Ndf3 Bf5
21. Ka1 a4 22. g4 Bxd3 23. Qd2 c4 24. Qe1 a3 25. b3 cxb3 26. axb3 Qc6 27. Qxb4
Qc2 28. Qd4 Rfd8 29. e6 Rxd4 30. exf7+ Kg7 31. Ne6+ Kxf7 32. Nfg5+ Ke8 33. Nc7+
Kd7 34. Nxa8 Qb2# 0-1

[Event "Titled Tue 20th May Early"]
[Site "chess.com INT"]
[Date "2025.05.20"]
[Round "10"]
[White "Aghaei, Alireza"]
[Black "Reshetnikov, Alexey"]
[Result "1-0"]
[WhiteTitle "CM"]
[BlackTitle "IM"]
[WhiteElo "2204"]
[BlackElo "2492"]
[WhiteFideId "12509914"]
[BlackFideId "4162080"]
[EventDate "2025.05.20"]

1. e4 e6 2. Nf3 d5 3. Nc3 Nf6 4. e5 Nfd7 5. d4 c5 6. dxc5 Bxc5 7. Bd3 Nc6 8. Bf4
a6 9. O-O b5 10. a3 b4 11. axb4 Nxb4 12. Ne2 Nxd3 13. cxd3 O-O 14. Ned4 Qb6 15.
Nb3 Be7 16. Na5 Nc5 17. Qd2 Bd7 18. b4 Nb7 19. Rfb1 Rfc8 20. Bg5 Bf8 21. Be3 Qc7
22. h4 Bb5 23. Nxb7 Qxb7 24. h5 h6 25. Nd4 Bd7 26. g4 Rab8 27. g5 hxg5 28. Bxg5
Bxb4 29. Qe3 Qa7 30. Bf6 gxf6 31. exf6 Bf8 32. Qg5+ Kh8 33. Kh1 Rxb1+ 34. Rxb1 1-0

[Event "Titled Tue 20th May Early"]
[Site "chess.com INT"]
[Date "2025.05.20"]
[Round "10"]
[White "Sanhueza, Cristian"]
[Black "Emeliantsev, Anatoliy"]
[Result "1-0"]
[WhiteTitle "FM"]
[BlackTitle "FM"]
[WhiteElo "2182"]
[BlackElo "2359"]
[WhiteFideId "116815"]
[BlackFideId "4160681"]
[EventDate "2025.05.20"]

1. e4 c5 2. Nf3 Nc6 3. d4 cxd4 4. Nxd4 Nf6 5. Nc3 e5 6. Ndb5 d6 7. Bg5 a6 8. Na3
b5 9. Bxf6 gxf6 10. Nd5 Bg7 11. g3 f5 12. Bg2 fxe4 13. Bxe4 Rb8 14. O-O O-O 15.
c3 f5 16. Bg2 e4 17. Nc2 Ne5 18. Qh5 Be6 19. Nf4 Bc4 20. Rfd1 Qe7 21. Ne3 Be6
22. Bh3 Nf3+ 23. Kg2 Ng5 24. Qxg5 Qxg5 25. Nxe6 Qh5 26. Nxf8 Rxf8 27. Rxd6 f4
28. Bg4 Qc5 29. Rd5 Qc6 30. gxf4 Rxf4 31. Rad1 Qg6 32. Rd8+ Bf8 33. h3 h5 34.
R1d6 Qg7 35. R8d7 Qg5 36. Rd5 Rxf2+ 37. Kxf2 Qf4+ 38. Ke2 hxg4 39. Nxg4 Qf3+ 40.
Ke1 Qg3+ 41. Kd1 Qf3+ 42. Kc2 e3 43. Rg5+ Kh8 44. Rh5+ Kg8 45. Rg5+ Kh8 46. Ne5
Qe2+ 47. Kb3 Bg7 48. Rgxg7 a5 49. Ng6# 1-0

[Event "Titled Tue 20th May Early"]
[Site "chess.com INT"]
[Date "2025.05.20"]
[Round "10"]
[White "Amangeldy, Ernur"]
[Black "Onyshchuk, Volodymyr"]
[Result "1-0"]
[WhiteTitle "FM"]
[BlackTitle "GM"]
[WhiteElo "2231"]
[BlackElo "2602"]
[WhiteFideId "13720244"]
[BlackFideId "14114038"]
[EventDate "2025.05.20"]

1. e4 d6 2. d4 g6 3. Nc3 Bg7 4. Be3 a6 5. Nf3 b5 6. Bd3 Bb7 7. h4 h6 8. e5 e6 9.
a4 b4 10. Ne4 Ne7 11. Qe2 Nf5 12. Bd2 Nc6 13. c3 bxc3 14. bxc3 dxe5 15. Nc5 Bc8
16. Be4 Qd6 17. Nxe5 Ncxd4 18. cxd4 Nxd4 19. Qc4 Qxe5 20. O-O Rb8 21. Be3 O-O
22. Rad1 Nf5 23. Bxf5 Qxf5 24. Nxa6 Rb2 25. Nc5 Rc2 26. Qb4 Bc3 27. Qb3 Bf6 28.
Qb4 Be7 29. Rc1 Rd8 30. g4 Qf3 31. Rxc2 Bxc5 32. Qf4 Qxf4 33. Bxf4 e5 34. Rxc5
exf4 35. g5 hxg5 36. hxg5 Bb7 37. Rxc7 1-0

[Event "Titled Tue 20th May Early"]
[Site "chess.com INT"]
[Date "2025.05.20"]
[Round "10"]
[White "Ibarra Jerez, Jose Carlos"]
[Black "Aradhya, Garg"]
[Result "0-1"]
[WhiteTitle "GM"]
[BlackTitle "IM"]
[WhiteElo "2545"]
[BlackElo "2383"]
[WhiteFideId "2226332"]
[BlackFideId "25006746"]
[EventDate "2025.05.20"]

1. e4 e5 2. Nf3 Nc6 3. Bb5 a6 4. Bxc6 dxc6 5. O-O Bd6 6. d4 exd4 7. Qxd4 f6 8.
Be3 Ne7 9. Nbd2 Be6 10. Qc3 Qd7 11. Nd4 Bf7 12. f4 O-O-O 13. b4 Rhe8 14. a4 f5
15. Nxf5 Nxf5 16. exf5 Qxf5 17. Nf3 Bxb4 18. Qxb4 Rxe3 19. Rab1 b6 20. Ne5 Bd5
21. Qd2 Qe4 22. Rbe1 Rxe1 23. Rxe1 Qxa4 24. Qd3 Be6 25. Qf3 Kb7 26. h3 Qxc2 27.
Kh2 Rd2 28. Rg1 Bd5 29. Qg4 g6 30. Qg5 a5 31. Nd7 a4 32. Nf8 a3 33. Nxh7 a2 34.
Nf6 a1=Q 35. Nxd5 Qxg1+ 36. Kxg1 Rxd5 37. Qxg6 Qxg6 0-1

[Event "Titled Tue 20th May Early"]
[Site "chess.com INT"]
[Date "2025.05.20"]
[Round "10"]
[White "Moiseenko, Alexander"]
[Black "Nagare Kaivalya Sandip"]
[Result "1/2-1/2"]
[WhiteTitle "GM"]
[BlackTitle "FM"]
[WhiteElo "2568"]
[BlackElo "2321"]
[WhiteFideId "14102560"]
[BlackFideId "25957929"]
[EventDate "2025.05.20"]

1. d4 Nf6 2. Bg5 d5 3. Nd2 Bf5 4. e3 e6 5. Bd3 Bg6 6. Ngf3 Nbd7 7. O-O Be7 8.
Qe2 O-O 9. h3 Ne4 10. Bf4 c5 11. c3 Qb6 12. Rab1 Rfc8 13. Rfd1 c4 14. Bxe4 dxe4
15. Ne5 Nxe5 16. Bxe5 Qc6 17. a3 b5 18. Qg4 a5 19. Ra1 Qd5 20. Nf1 b4 21. axb4
axb4 22. cxb4 Bxb4 23. Rdc1 Bf8 24. Rxa8 Rxa8 25. Qe2 f6 26. Bg3 Ra2 27. Rxc4
Bh5 28. Qc2 Rxb2 29. Qxb2 Qxc4 30. Qb8 Qc6 31. Kh2 Kf7 32. Nd2 Be7 33. Qb2 Bd1
34. Qb1 Bc2 35. Qc1 h5 36. h4 Ba4 37. Qxc6 Bxc6 38. Nc4 Bd5 39. Nd6+ Bxd6 40.
Bxd6 1/2-1/2

[Event "Titled Tue 20th May Early"]
[Site "chess.com INT"]
[Date "2025.05.20"]
[Round "10"]
[White "Napoli, Nicolo"]
[Black "Tologon tegin, Semetei"]
[Result "0-1"]
[WhiteTitle "FM"]
[BlackTitle "IM"]
[WhiteElo "2245"]
[BlackElo "2313"]
[WhiteFideId "813702"]
[BlackFideId "13800574"]
[EventDate "2025.05.20"]

1. e4 g6 2. d4 Bg7 3. Nc3 e6 4. Nf3 Ne7 5. h4 d5 6. h5 dxe4 7. Nxe4 h6 8. hxg6
Nxg6 9. Be3 Nc6 10. Qd2 Qd5 11. Nc3 Qa5 12. O-O-O Bd7 13. Bd3 O-O-O 14. Bxg6
fxg6 15. Bxh6 Bxh6 16. Rxh6 Rxh6 17. Qxh6 Qf5 18. Qg5 Qf7 19. Ne4 Rf8 20. Nc5
Be8 21. c3 b6 22. Nd3 e5 23. Ndxe5 Qxa2 24. Qh6 Rg8 25. Qh7 Na5 26. d5 Ba4 27.
Qxg8+ Kb7 28. Kd2 Qxb2+ 29. Ke1 Qxc3+ 30. Rd2 Nb3 31. Qxg6 Nxd2 32. Nxd2 Qc1+
33. Ke2 Qd1+ 34. Ke3 Qe1+ 35. Kf4 Qxd2+ 36. Kg3 Qxd5 37. f4 a5 38. Nf3 Bc6 39.
f5 a4 40. f6 Qd6+ 41. Kf2 a3 42. Qc2 Bd5 43. Qd2 a2 44. f7 Bxf7 0-1

[Event "Titled Tue 20th May Early"]
[Site "chess.com INT"]
[Date "2025.05.20"]
[Round "10"]
[White "Nguyen, Ngoc Truong Son"]
[Black "Kilic, Eray"]
[Result "1-0"]
[WhiteTitle "GM"]
[BlackTitle "IM"]
[WhiteElo "2632"]
[BlackElo "2469"]
[WhiteFideId "12401110"]
[BlackFideId "44517173"]
[EventDate "2025.05.20"]

1. e4 c5 2. c3 d5 3. exd5 Qxd5 4. Nf3 Nf6 5. d4 Bg4 6. Be2 e6 7. O-O Nc6 8. h3
Bh5 9. dxc5 Qxd1 10. Rxd1 Bxc5 11. b4 Be7 12. b5 Na5 13. Nbd2 O-O-O 14. Nb3
Rxd1+ 15. Bxd1 Rd8 16. Be3 Nc4 17. Bxa7 Nd5 18. Be2 Na3 19. c4 Nf4 20. Bf1 Bxf3
21. gxf3 Bf6 22. Re1 Nc2 23. Re4 g5 24. Be3 Ng6 25. Be2 Nh4 26. c5 Ne1 27. f4
gxf4 28. Rxf4 Nf5 29. b6 Nc2 30. Bg4 Rg8 31. Kf1 Ncxe3+ 32. fxe3 Nxe3+ 33. Ke2
Nxg4 34. hxg4 Rg6 35. g5 Bxg5 36. Rxf7 Bd8 37. Na5 Rg2+ 38. Kd3 Rg3+ 39. Kc4
Rg4+ 40. Kb5 Rg2 41. Nxb7 Rxa2 42. Nd6+ Kb8 43. Rf8 1-0

[Event "Titled Tue 20th May Early"]
[Site "chess.com INT"]
[Date "2025.05.20"]
[Round "10"]
[White "Terkiewicz, Bruno"]
[Black "Ghimoyan, Narek"]
[Result "1-0"]
[WhiteTitle "CM"]
[BlackTitle "CM"]
[WhiteElo "2183"]
[BlackElo "2273"]
[WhiteFideId "21093245"]
[BlackFideId "13315412"]
[EventDate "2025.05.20"]

1. c4 e5 2. g3 Nc6 3. Bg2 f5 4. Nc3 Nf6 5. e3 Bb4 6. Nge2 O-O 7. O-O d6 8. d3
Qe8 9. a3 Bxc3 10. Nxc3 Be6 11. b4 e4 12. f4 Qf7 13. dxe4 Bxc4 14. Re1 fxe4 15.
Nxe4 Nxe4 16. Bxe4 Rae8 17. Bg2 Qf6 18. Rb1 Qg6 19. Bb2 Bd3 20. Rc1 Be4 21. b5
Bxg2 22. Kxg2 Qe4+ 23. Qf3 Na5 24. Rxc7 Rf7 25. Rec1 Qxe3 26. Rxf7 Qxf3+ 27.
Kxf3 Kxf7 28. Rc7+ Re7 29. Rxe7+ Kxe7 30. Bxg7 Nc4 31. a4 Nb6 32. a5 Nc4 33. a6
b6 34. Bd4 Na3 35. Bxb6 Nxb5 36. Be3 d5 37. f5 d4 38. Bf4 h5 39. Ke4 Kf6 40.
Be5+ Kg5 41. h4+ Kh6 42. Bxd4 Nc7 43. Bxa7 Nxa6 44. Be3+ Kg7 45. Bd4+ Kf7 46.
Kf4 Nb8 47. Kg5 Nc6 48. Bc3 Ne7 49. f6 Nd5 50. Bd4 Nc7 51. Kxh5 Ne6 52. Bc3 Nc5
53. Kg4 Ne4 54. Bd4 Nd6 55. Kf4 Nb5 56. Be5 Na7 57. g4 Nc6 58. g5 Nd8 59. Kf5
Nc6 60. g6+ Kf8 61. Bd6+ 1-0

[Event "Titled Tue 20th May Early"]
[Site "chess.com INT"]
[Date "2025.05.20"]
[Round "10"]
[White "Cernov, Henrik"]
[Black "Deichmann, Esteban Horacio"]
[Result "0-1"]
[WhiteTitle "FM"]
[WhiteElo "2325"]
[BlackElo "2085"]
[WhiteFideId "16258312"]
[BlackFideId "167410"]
[EventDate "2025.05.20"]

1. e4 d6 2. d4 g6 3. Nc3 Bg7 4. f4 Nd7 5. Nf3 a6 6. e5 b5 7. Bd3 Nh6 8. Qe2 O-O
9. a4 b4 10. Ne4 dxe5 11. fxe5 e6 12. Bg5 Qe8 13. Nf6+ Bxf6 14. exf6 Nf5 15. g4
h6 16. gxf5 hxg5 17. fxg6 fxg6 18. Nxg5 Rxf6 19. O-O-O Nf8 20. Rdf1 Qe7 21. h4
Bb7 22. Qe5 Nd7 23. Qxc7 Bxh1 24. Rxh1 Re8 25. b3 e5 26. Bc4+ Kg7 27. Re1 Qd6
28. Qa7 Re7 29. d5 Nc5 30. Qa8 Rf8 31. Qc6 Qxc6 32. dxc6 Rc8 33. c3 Rxc6 34. Kc2
a5 35. cxb4 axb4 36. Rd1 Nxa4 37. Rd8 e4 38. Rg8+ Kf6 39. Rf8+ Ke5 40. Nf7+ Kd4
41. Kd2 e3+ 42. Ke2 Nc3+ 43. Ke1 Rxc4 44. bxc4 Ra7 45. Rd8+ Kxc4 46. Ne5+ Kb3
47. Kf1 e2+ 48. Kf2 Ra1 49. Nd3 Rf1+ 50. Kg2 Rd1 51. Nc5+ Kc2 52. Re8 e1=Q 53.
Rxe1 Rxe1 54. Nd3 Kxd3 55. h5 gxh5 56. Kg3 Re4 57. Kh3 Rg4 58. Kh2 Ke2 59. Kh3
Kf2 60. Kh2 Rh4# 0-1

[Event "Titled Tue 20th May Early"]
[Site "chess.com INT"]
[Date "2025.05.20"]
[Round "10"]
[White "Kaminska, Zuzanna"]
[Black "Tsyhanchuk, Stanislav"]
[Result "1-0"]
[WhiteTitle "WCM"]
[BlackTitle "IM"]
[WhiteElo "1900"]
[BlackElo "2273"]
[WhiteFideId "21067210"]
[BlackFideId "13505130"]
[EventDate "2025.05.20"]

1. b3 e5 2. Bb2 Nc6 3. c4 Nf6 4. Nc3 d5 5. cxd5 Nxd5 6. Nf3 Nxc3 7. dxc3 Bd6 8.
e3 O-O 9. Be2 Bf5 10. O-O Qe7 11. c4 Rad8 12. Qc1 e4 13. Nd4 Nxd4 14. Bxd4 c5
15. Bb2 Bxh2+ 16. Kxh2 Qh4+ 17. Kg1 Rd6 18. Qc3 Rg6 19. Rfd1 f6 20. g3 Bh3 21.
Bf1 Bxf1 22. Kxf1 Qh1+ 23. Ke2 Qf3+ 24. Ke1 Rh6 25. Kd2 Qxf2+ 26. Kc1 Rh2 27.
Qd2 Qxg3 28. Qd6 Qxe3+ 29. Rd2 Rh1+ 30. Kc2 Rxa1 31. Bxa1 Qe1 32. Bb2 e3 33. Rd3
e2 34. Qd5+ Kh8 35. Qd8 Rg8 36. Rd2 1-0

[Event "Titled Tue 20th May Early"]
[Site "chess.com INT"]
[Date "2025.05.20"]
[Round "10"]
[White "Nihal, Sarin"]
[Black "Xue, Haowen"]
[Result "1-0"]
[WhiteTitle "GM"]
[BlackTitle "GM"]
[WhiteElo "2693"]
[BlackElo "2518"]
[WhiteFideId "25092340"]
[BlackFideId "8625492"]
[EventDate "2025.05.20"]

1. c3 Nf6 2. Nf3 b6 3. d3 Bb7 4. e4 d6 5. g3 e5 6. Bg2 Nbd7 7. O-O g6 8. a4 a6
9. Nh4 Bg7 10. f4 O-O 11. f5 d5 12. exd5 Bxd5 13. Bxd5 Nxd5 14. Qf3 Nc5 15. Nd2
Nf6 16. Ne4 Qxd3 17. Nxc5 Qxf3 18. Nxf3 e4 19. fxg6 hxg6 20. Ne6 fxe6 21. Ng5
Rfe8 22. Be3 Rad8 23. Rae1 b5 24. axb5 axb5 25. Bd4 e5 26. Bc5 Rd2 27. Rxf6 Bxf6
28. Nxe4 Red8 29. Nxf6+ Kf7 30. Ng4 Rd1 31. Nxe5+ Ke6 32. Nd3+ Rxe1+ 33. Nxe1
Kd5 34. b4 Kc4 35. Bd4 Rxd4 36. cxd4 Kxb4 37. Kf2 Kc3 38. Ke3 b4 39. Nd3 b3 40.
h4 1-0

[Event "Titled Tue 20th May Early"]
[Site "chess.com INT"]
[Date "2025.05.20"]
[Round "10"]
[White "Matyakubov, Miraziz"]
[Black "Ostanin, Vadim"]
[Result "0-1"]
[WhiteTitle "CM"]
[BlackTitle "FM"]
[WhiteElo "2272"]
[BlackElo "2317"]
[WhiteFideId "14215772"]
[BlackFideId "24125016"]
[EventDate "2025.05.20"]

1. e4 c5 2. Nf3 d6 3. Bb5+ Bd7 4. Bxd7+ Nxd7 5. O-O Ngf6 6. Qe2 e6 7. c3 Be7 8.
d4 O-O 9. e5 Ne8 10. Rd1 cxd4 11. cxd4 Nb6 12. Nc3 Nc7 13. Ne4 Ncd5 14. Bg5 Bxg5
15. Nfxg5 h6 16. Nf3 dxe5 17. dxe5 Nf4 18. Qe3 Nbd5 19. Qd2 Ng6 20. Nd6 Nxe5 21.
Nxe5 Qxd6 22. Qd4 Rfc8 23. h3 Qc5 24. Qe4 Rc7 25. Rd3 Nf6 26. Qf4 Nd5 27. Qg3
Rac8 28. Ng4 Kf8 29. Rad1 Qb4 30. Rb3 Qf4 31. Qd3 Kg8 32. g3 Qg5 33. Kg2 h5 34.
f4 Qxf4 35. gxf4 Nxf4+ 36. Kg3 Nxd3 37. Rbxd3 hxg4 38. hxg4 g5 39. a3 Kg7 40.
Rb3 b6 41. Rd6 Rc5 42. Rd7 R8c7 43. Rd8 Re5 44. Rbd3 Re4 45. b3 Rf4 46. Rb8 Rc1
47. Rb7 Rg1+ 48. Kh3 Rfxg4 49. Rxa7 Rh4# 0-1

[Event "Titled Tue 20th May Early"]
[Site "chess.com INT"]
[Date "2025.05.20"]
[Round "10"]
[White "Luong Phuong Hanh"]
[Black "Sakun, Volodymyr"]
[Result "0-1"]
[WhiteTitle "WIM"]
[BlackTitle "FM"]
[WhiteElo "2144"]
[BlackElo "2301"]
[WhiteFideId "12401013"]
[BlackFideId "14114062"]
[EventDate "2025.05.20"]

1. d4 Nf6 2. Nf3 d5 3. c4 e6 4. g3 Bb4+ 5. Bd2 a5 6. Bg2 O-O 7. Qc2 b6 8. O-O
Bb7 9. Ne5 Nc6 10. Nxc6 Bxc6 11. Nc3 Qd7 12. cxd5 exd5 13. Bg5 Be7 14. Rac1 Rac8
15. Rfd1 h6 16. Bxf6 Bxf6 17. e4 dxe4 18. d5 Ba8 19. Bxe4 Rcd8 20. Bf5 Qe7 21.
Ne4 Bxd5 22. Qxc7 Qxc7 23. Nxf6+ gxf6 24. Rxc7 Bxa2 25. Re1 Rd2 26. Rc2 Rfd8 27.
Re8+ Kg7 28. Rxd8 Rxd8 29. Be4 Rd4 30. Bf3 Rb4 31. h4 Be6 32. Kh2 f5 33. Bg2 f4
34. Bf3 Kf6 35. g4 a4 36. Bc6 b5 37. Bf3 Rb3 38. Kg2 b4 39. Rd2 a3 40. bxa3 bxa3
41. Rd4 a2 42. Rxf4+ Ke7 43. Ra4 Rb1 44. Ra7+ Kf6 0-1

[Event "Titled Tue 20th May Early"]
[Site "chess.com INT"]
[Date "2025.05.20"]
[Round "10"]
[White "Piliposyan, Robert"]
[Black "Materia, Marco"]
[Result "0-1"]
[WhiteTitle "IM"]
[BlackTitle "IM"]
[WhiteElo "2416"]
[BlackElo "2489"]
[WhiteFideId "13309978"]
[BlackFideId "45150451"]
[EventDate "2025.05.20"]

1. Nc3 d5 2. Nf3 d4 3. Ne4 Nc6 4. e3 a6 5. Bc4 e6 6. O-O Be7 7. d3 Nf6 8. exd4
Nxd4 9. Nxd4 Qxd4 10. c3 Qd8 11. Nxf6+ Bxf6 12. d4 O-O 13. Qf3 Qe7 14. Bd3 c5
15. Qh5 g6 16. Qxc5 Qxc5 17. dxc5 Bd7 18. Be4 Bc6 19. Bxc6 bxc6 20. Bf4 e5 21.
Be3 Rab8 22. b4 e4 23. Rac1 Be5 24. Rfd1 Rfd8 25. Rd2 Rxd2 26. Bxd2 Rd8 27. Be1
f5 28. Kf1 Kf7 29. Ke2 Ke6 30. c4 Rd3 31. a4 Rb3 32. Rc2 f4 33. f3 exf3+ 34.
gxf3 Re3+ 35. Kf2 Ra3 36. Re2 Kf5 37. b5 Rxa4 38. b6 Ra3 39. Rd2 a5 40. Rd7 a4
41. Ra7 Ra2+ 42. Kf1 a3 43. Bb4 Ra1+ 44. Ke2 a2 45. Bd2 h5 46. Kd3 g5 47. h3 Rf1
48. Rxa2 Rxf3+ 49. Kc2 Rxh3 50. b7 f3 51. Ra8 Kg4 52. Re8 Bh2 53. Rf8 h4 54. Kd1
Bc7 55. Rf7 Rh1+ 56. Kc2 Bb8 57. Rf8 Ba7 58. Ra8 f2 59. Rxa7 f1=Q 60. b8=Q Qd1+
61. Kd3 Rh3+ 62. Ke4 Qe2+ 63. Kd4 Rd3# 0-1

[Event "Titled Tue 20th May Early"]
[Site "chess.com INT"]
[Date "2025.05.20"]
[Round "10"]
[White "Rustamov, Rustam"]
[Black "Henriquez Villagra, Cristobal"]
[Result "1/2-1/2"]
[WhiteTitle "FM"]
[BlackTitle "GM"]
[WhiteElo "2323"]
[BlackElo "2597"]
[WhiteFideId "13440110"]
[BlackFideId "3409350"]
[EventDate "2025.05.20"]

1. e4 c6 2. Nc3 d5 3. Nf3 Bg4 4. h3 Bxf3 5. Qxf3 e6 6. d4 dxe4 7. Nxe4 Nd7 8.
Bd3 Ngf6 9. Nxf6+ Nxf6 10. c3 h6 11. O-O Bd6 12. Re1 Bc7 13. Bc4 O-O 14. a4 Nd5
15. Bd3 Qd6 16. g3 Rae8 17. Bd2 a5 18. Qe4 f5 19. Qf3 Qd7 20. Re2 Nf6 21. Rae1
Kf7 22. Bc4 Nd5 23. Bd3 Nf6 24. Bc4 Nd5 25. Bb3 Re7 26. g4 Kg8 27. g5 hxg5 28.
Bxg5 Ree8 29. Qh5 Qd6 30. f4 Nxf4 31. Bxf4 Qxf4 32. Rg2 Rf7 33. Kh1 Qd6 34. Qg6
Kf8 35. Rxe6 Rxe6 36. Bxe6 Re7 37. Qxf5+ Ke8 38. Re2 Kd8 39. Qf8+ Re8 40. Qxd6+
Bxd6 41. Kg2 Bf4 42. Kf3 Bc1 43. d5 Kc7 44. dxc6 bxc6 45. Bc4 Rxe2 46. Kxe2 Bxb2
47. Kd3 Kd6 48. Bf7 Kc5 49. Be8 Bc1 50. Bh5 Bg5 51. Bf3 1/2-1/2

[Event "Titled Tue 20th May Early"]
[Site "chess.com INT"]
[Date "2025.05.20"]
[Round "10"]
[White "Sarana, Alexey"]
[Black "Ebrahimi Herab, Hamidreza"]
[Result "1-0"]
[WhiteTitle "GM"]
[BlackTitle "FM"]
[WhiteElo "2686"]
[BlackElo "2404"]
[WhiteFideId "24133795"]
[BlackFideId "22512888"]
[EventDate "2025.05.20"]

1. d4 Nf6 2. c4 g6 3. Nc3 Bg7 4. e4 d6 5. Be2 O-O 6. Be3 e5 7. d5 c6 8. h3 cxd5
9. cxd5 b5 10. Bxb5 Qa5 11. Bd3 Ba6 12. Ne2 Nbd7 13. b4 Qa3 14. Bc1 Qxb4 15.
Bxa6 Nxe4 16. Qa4 Qxa4 17. Nxa4 Rab8 18. Ba3 Nb6 19. Nxb6 axb6 20. Bb5 Nc5 21.
Bxc5 bxc5 22. a4 Ra8 23. O-O e4 24. Rac1 f5 25. Rfd1 Be5 26. g3 Kg7 27. Nf4 Kf6
28. Ne6 Rfb8 29. Rb1 h5 30. Kg2 c4 31. Rb4 c3 32. Rc4 Rc8 33. Bc6 Rab8 34. f4
exf3+ 35. Kxf3 g5 36. Rf1 Rb2 37. Rf2 g4+ 38. hxg4 hxg4+ 39. Kg2 Rh8 40. Rxb2
cxb2 41. Rb4 Bc3 42. Rb3 Ke5 43. Nf4 Kd4 44. Ne2+ Kc4 45. Rb7 Bb4 46. Bb5+ Kxd5
47. Bd3 Kc5 48. Rb5+ Kc6 49. Rxb4 Re8 50. Rxb2 Re3 51. Bxf5 1-0

[Event "Titled Tue 20th May Early"]
[Site "chess.com INT"]
[Date "2025.05.20"]
[Round "10"]
[White "Mirimanian, Hayk"]
[Black "Cattaneo, Marco"]
[Result "0-1"]
[WhiteTitle "FM"]
[BlackTitle "FM"]
[WhiteElo "2237"]
[BlackElo "2291"]
[WhiteFideId "4700180"]
[BlackFideId "878332"]
[EventDate "2025.05.20"]

1. d4 g6 2. e4 Bg7 3. Nc3 c6 4. Nf3 d5 5. h3 dxe4 6. Nxe4 Nf6 7. Nxf6+ exf6 8.
Be3 O-O 9. Qd2 Be6 10. Be2 a5 11. O-O a4 12. c4 Na6 13. b4 axb3 14. axb3 Qd7 15.
b4 Nc7 16. b5 cxb5 17. d5 Bf5 18. d6 Rxa1 19. Rxa1 Ne8 20. c5 Be4 21. Nd4 Bc6
22. Nxc6 bxc6 23. Ra6 f5 24. Bf3 Nf6 25. Bxc6 Qe6 26. Bxb5 Ne4 27. Qc2 f4 28.
Bxf4 Bd4 29. Be3 Bxe3 30. fxe3 Rb8 31. d7 Qe5 32. Rc6 Ng3 33. Rc8+ Kg7 34. Qf2
Rxb5 35. Qf4 Ne2+ 36. Kf2 Nxf4 37. d8=Q Nxh3+ 38. gxh3 Rb2+ 39. Kf3 Qf5+ 40. Kg3
Qf2+ 41. Kg4 h5+ 42. Kg5 Qf5+ 43. Kh4 Qf2+ 44. Kg5 Qg3# 0-1

[Event "Titled Tue 20th May Early"]
[Site "chess.com INT"]
[Date "2025.05.20"]
[Round "10"]
[White "Vokhidov, Shamsiddin"]
[Black "Bortnyk, Olexandr"]
[Result "1-0"]
[WhiteTitle "GM"]
[BlackTitle "GM"]
[WhiteElo "2641"]
[BlackElo "2601"]
[WhiteFideId "14204223"]
[BlackFideId "14120828"]
[EventDate "2025.05.20"]

1. e4 Nf6 2. e5 Nd5 3. d4 d6 4. Nf3 dxe5 5. Nxe5 c6 6. Be2 Bf5 7. O-O Nd7 8. Bd3
Bxd3 9. Nxd3 e6 10. Re1 Be7 11. Nd2 O-O 12. c4 N5f6 13. Nf3 c5 14. Be3 cxd4 15.
Bxd4 Qa5 16. Qe2 Rac8 17. b3 Rfd8 18. Rad1 b5 19. cxb5 Qxb5 20. Bxa7 Nd5 21. Bd4
Bf6 22. Nde5 Qxe2 23. Rxe2 Nxe5 24. Bxe5 Bxe5 25. Rxe5 Rc2 26. a4 Rb2 27. Rd3
Rb8 28. Nd2 g6 29. g3 Nb4 30. Rd7 Nd5 31. Ne4 R2xb3 32. Nd6 Rf8 33. Re1 Ra3 34.
Ra7 g5 35. a5 g4 36. Re4 Nf6 37. Re5 h6 38. a6 Rd8 39. Nxf7 Rd1+ 40. Kg2 Raa1
41. Nxh6+ Kh8 42. Nxg4 Nxg4 43. Rh5+ Kg8 44. Rg5+ Kf8 45. Rxg4 Rg1+ 46. Kh3 Ra5
47. Rh4 Kg8 48. Rb4 1-0

[Event "Titled Tue 20th May Early"]
[Site "chess.com INT"]
[Date "2025.05.20"]
[Round "10"]
[White "Chiang, Jacob"]
[Black "Toktomushev, Teimur"]
[Result "0-1"]
[BlackTitle "FM"]
[WhiteElo "2006"]
[BlackElo "2398"]
[WhiteFideId "30962331"]
[BlackFideId "14176726"]
[EventDate "2025.05.20"]

1. c4 e6 2. Nc3 d5 3. d4 Nf6 4. Nf3 Be7 5. g3 O-O 6. Bg2 c6 7. a4 a5 8. O-O b6
9. Ne5 Nfd7 10. cxd5 cxd5 11. Nd3 Nc6 12. e4 dxe4 13. Bxe4 Bb7 14. d5 exd5 15.
Nxd5 Nf6 16. Nxf6+ Bxf6 17. Re1 Re8 18. Bf4 Rxe4 19. Rxe4 Nb4 20. Rxb4 Qd5 21.
f3 axb4 22. Kg2 Rd8 23. Nf2 Qc6 24. Qe2 Re8 25. Ne4 Be5 26. Rc1 Qe6 27. Qc4 Qxc4
28. Rxc4 Bxf4 29. gxf4 f5 30. Nf2 Re3 31. Rxb4 Rxf3 32. Kf1 Re3 33. Rxb6 Bd5 34.
a5 Bc4+ 35. Kg1 Re1+ 36. Kg2 Bd5+ 37. Kh3 Re2 38. Nd1 Rd2 39. Nc3 Rd3+ 40. Kh4
Bg2 41. Kg5 Rd2 42. Kxf5 Bh3+ 43. Ke5 Rxh2 44. a6 Bg2 45. a7 Rh5+ 46. Kd6 Ra5
47. Nb5 h5 48. b4 Ra1 49. Rb8+ Kh7 50. Kc7 h4 51. Kb6 h3 52. Nc7 h2 53. a8=Q
Rxa8 54. Nxa8 h1=Q 55. Nc7 Qg1+ 56. Ka6 Qd4 57. b5 Qxf4 58. b6 Qa4# 0-1